000 00894cpcaa22002657a 4500
001 mm 80006040
003 DLC
005 20260227111703.0
008 800129|||||||||||| eng
010 _amm 80006040
040 _aDLC
_cDLC
_edacs
_dDLC
072 7 _aL
_2lcmd
100 1 _aWhittemore, Reed,
_d1919-2012.
245 1 0 _aReed Whittemore papers,
_fundated.
300 _a2
_fitems.
506 0 _aOpen to research.
533 _aPositive photocopy and typewritten transcript.
_b[S.l.].
545 0 _aAuthor and educator.
546 _aCollection material in English.
580 _aForms part of: Miscellaneous Manuscripts collection.
656 7 _aAuthors.
_2itoamc
656 7 _aEducators.
_2itoamc
999 _c42827
_d42827